[Event "Chigorin Memorial 18th"]
[Site "St Petersburg"]
[Date "2010.10.28"]
[Round "1"]
[White "Stroganov, Anatoly"]
[Black "Karasev, Vladimir I"]
[Result "0-1"]
[WhiteElo "1886"]
[BlackElo "2361"]
[PlyCount "72"]
[EventDate "2010.10.28"]
[EventType "swiss"]
[EventRounds "9"]
[EventCountry "RUS"]
[SourceTitle "EXT 2011"]
[Source "ChessBase"]
[SourceDate "2010.11.26"]
[SourceVersion "1"]
[SourceVersionDate "2010.11.26"]
[SourceQuality "1"]

1. d4 Nf6 2. Nf3 e6 3. g3 b6 4. Bg2 Bb7 5. 0-0 Be7 6. Bg5 c5 7. e3 h6 8. Bxf6 Bxf6 9. c3 Qc7 10. Nbd2 Nc6 11. Re1 Rc8 12. Rc1 Qb8 13. Ne4 Be7 14. Ned2 0-0 15. Nb3 d5 16. Nfd2 a5 17. f4 a4 18. Na1 a3 19. b3 b5 20. dxc5 b4 21. Nb1 Bxc5 22. Nc2 Qa7 23. Kf2 Rfd8 24. Nd4 bxc3 25. Nxc6 Bxc6 26. Qd3 d4 27. e4 Qb7 28. Bf1 Bb5 29. Qf3 d3+ 30. Kg2 d2 31. Bxb5 dxe1N+ 32. Rxe1 Qxb5 33. Nxc3 Rd2+ 34. Re2 Rxe2+ 35. Nxe2 Rd8 36. Kh3 Qd3 0-1

[Event "St Petersburg Autumn op"]
[Site "St Petersburg"]
[Date "2010.10.24"]
[Round "9"]
[White "Letova, Tatiana"]
[Black "Stroganov, Anatoly"]
[Result "0-1"]
[WhiteElo "1561"]
[BlackElo "1886"]
[PlyCount "132"]
[EventDate "2010.10.16"]
[EventType "swiss"]
[EventRounds "9"]
[EventCountry "RUS"]
[SourceTitle "EXT 2011"]
[Source "ChessBase"]
[SourceDate "2010.11.26"]
[SourceVersion "1"]
[SourceVersionDate "2010.11.26"]
[SourceQuality "1"]

1. e4 d6 2. d4 Nf6 3. Nc3 g6 4. f4 Bg7 5. Nf3 c5 6. dxc5 Qa5 7. Bd2 Qxc5 8. Bd3 a6 9. Qe2 0-0 10. Be3 Qc7 11. 0-0 e6 12. Nd4 Nc6 13. h3 Nxe4 14. Nxe6 Nxc3 15. Nxc7 Nxe2+ 16. Bxe2 Rb8 17. c3 b5 18. Bf3 Rb7 19. Nxa6 Re7 20. Bxc6 Bxa6 21. Bd4 b4 22. Rfd1 bxc3 23. Bxc3 Bxc3 24. bxc3 Rd8 25. Rab1 Re3 26. Rb3 Bc4 27. Ra3 d5 28. Ra5 Rxc3 29. Bxd5 Kg7 30. Rd4 Rc1+ 31. Kh2 Bf1 32. Rd2 Rd6 33. Ra7 Bc4 34. Ra5 Bf1 35. Rb2 h5 36. Bf3 Rf6 37. f5 h4 38. fxg6 fxg6 39. Rg5 Kh6 40. Rg4 g5 41. Rgb4 Re1 42. Rb6 Ree6 43. Rxe6 Rxe6 44. Kg1 Bc4 45. a4 Re1+ 46. Kf2 Ra1 47. Rb4 Ra2+ 48. Ke3 Bf1 49. Rg4 Kg6 50. Bc6 Kf6 51. Bd5 Re2+ 52. Kd4 Rc2 53. a5 Be2 54. Re4 Bf1 55. Re6+ Kg7 56. Rc6 Rd2+ 57. Kc3 Rxd5 58. Kb4 Bxg2 59. Rc7+ Kf6 60. a6 Rd4+ 61. Kb3 Rd3+ 62. Kb4 Rxh3 63. a7 Rh1 64. Rc2 Rb1+ 65. Ka5 Ra1+ 66. Kb6 h3 0-1

[Event "St Petersburg Autumn op"]
[Site "St Petersburg"]
[Date "2010.10.23"]
[Round "8"]
[White "Stroganov, Anatoly"]
[Black "Pukhovskaya, Irina"]
[Result "1/2-1/2"]
[WhiteElo "1886"]
[BlackElo "1756"]
[PlyCount "120"]
[EventDate "2010.10.16"]
[EventType "swiss"]
[EventRounds "9"]
[EventCountry "RUS"]
[SourceTitle "EXT 2011"]
[Source "ChessBase"]
[SourceDate "2010.11.26"]
[SourceVersion "1"]
[SourceVersionDate "2010.11.26"]
[SourceQuality "1"]

1. d4 Nf6 2. Nf3 d5 3. c4 c6 4. cxd5 cxd5 5. Bf4 Nc6 6. e3 Bg4 7. Nc3 e6 8. Bd3 Bb4 9. Rc1 h6 10. 0-0 Nh5 11. Bg3 Nxg3 12. fxg3 0-0 13. Bb1 Qe7 14. Ne2 Rac8 15. h3 Bxf3 16. gxf3 Bd6 17. Kg2 f5 18. f4 Kh8 19. Ng1 Qf6 20. Nf3 Be7 21. a3 Na5 22. Ne5 Rfd8 23. Qh5 Kg8 24. Ba2 Bd6 25. b4 Nc6 26. Nxc6 Rxc6 27. Rxc6 bxc6 28. Rc1 Rc8 29. Rxc6 Qd8 30. Rxc8 Qxc8 31. Qd1 Qc3 32. Qb3 Qd2+ 33. Kf3 Qe1 34. Qc2 Qf1+ 35. Qf2 Qd3 36. Qe2 Qxa3 37. b5 Qc3 38. g4 fxg4+ 39. hxg4 Qa1 40. Kg2 Qc1 41. f5 Qc8 42. fxe6 Qxe6 43. Qf3 Kh7 44. Bxd5 Qf6 45. Qf5+ Kh8 46. Qc8+ Qf8 47. Qxf8+ Bxf8 48. e4 Bb4 49. Kf3 g6 50. e5 Kg7 51. Ke4 Kf8 52. Bc4 h5 53. gxh5 gxh5 54. Be2 h4 55. Bg4 Ke7 56. Kd3 Ba3 57. Kc3 Kd8 58. Kb3 Bf8 59. Kc2 Bh6 60. Kd3 Kc7 1/2-1/2